000 02730nam0a2200397 4500
001 RU\NLR\BIBL_A\022361372
005 20260420020303.0
010 _a978-5-238-03880-3
_91000
021 _aRU
_bКН-П-24-051403
_9КН-П-24-5111
035 _a(NLR Aleph) 022361372
090 _a13668166
_c13668166
100 _a20241023d2024 k y0rusy50 ca
101 0 _arus
102 _aRU
105 _ay z 000yy
181 0 _ai4
_baxxe
182 0 _an
200 1 _aВзаимодействие органов государственной власти и органов местного самоуправления в единой системе публичной власти
_eмонография
_f[Скрипкин Г. Ф. - кандидат юридических наук, генерал-майор, Ларичев А. А. - профессор, доктор юридических наук, доцент, Чихладзе Л. Т. - профессор, доктор юридических наук и др.]
_gпод научной редакцией доктора юридических наук, доцента А. А. Ларичева, почетного работника сферы образования РФ, доктора юридических наук, профессора Л. Т. Чихладзе
_gпод общей редакцией кандидата юридических наук Г. Ф. Скрипкина
203 _aТекст
_bвизуальный
_cнепосредственный
205 _a2-е изд., перераб. и доп.
210 _aМосква
_cЮНИТИ-ДАНА
_cЗакон и право
_d2024
215 _a206, [1] с.
_d22
225 1 _aСерия научных изданий "Публично-правовые дисциплины"
300 _aАвт. указаны на 9-10-й с.
320 _aБиблиогр.: с. 187-206 (225 назв.) и в подстроч. примеч.
606 1 _aОрганы государственной власти
_xВзаимодействие с органами местного самоуправления
_yРоссийская Федерация
_92558456
_3RU\NLR\AUTH\661513550
686 1 _aХ620.61
686 1 _aХ621.011.2
701 1 _aСкрипкин
_bГ. Ф.
_gГригорий Федорович
701 1 _aЛаричев
_bА. А.
_gАлександр Алексеевич
701 1 _7ca
_8rus
_aЧихладзе
_bЛ. Т.
_f1977-
_gЛеван Теймуразович
_957942
_3RU\NLR\AUTH\7775014
702 1 _aЛаричев
_bА. А.
_gАлександр Алексеевич
_4340
942 _cBOOK
980 _aNB